000 00993nam a22002417a 4500
003 OSt
005 20260319193414.0
008 240829b ||||| |||| 00| 0 eng d
040 _c0
082 _aDPer 647.94068 In821 2022 v. 23 n. 1-4
100 _aSingh, Ritu.
_eauthor.
_959454
245 _aEvaluating the hotel industry performance using efficiency and effectiveness measures /
_cRitu Singh, Parikshit Charan, and Monojit Chattopadhyay.
260 _aUnited Kingdom ;
_bTaylor & Francis Group, LLC ,
_c2022.
300 _aVolume 23, pages 408-431 :
_billustration ;
_c26 cm.
500 _aInternational Journal of Hospitality & Tourism Administration, vol. 23, no. 2, pages 408-431, 2022.
650 0 _aPerformance -- Measurement.
_938403
650 0 _aData envelopment analysis.
_967816
650 0 _aEfficiency.
_967817
700 _aSingh, Ritu.
_eauthor.
_959454
700 _aCharan, Parikshit.
_eauthor.
_959455
700 _aChattopadhyay, Monojit.
_959456
942 _2ddc
_cPER
999 _c21063
_d21063